Vybrané údaje o regiónoch v Slovenskej republike za 1.- 3. štvrťrok 2004
Na minha lista:
| Formato: | Livro |
|---|---|
| Idioma: | eslovaco inglês |
| Publicado em: |
Bratislava
Štatistický úrad Slovenskej republiky
2005
|
| Tags: |
Sem tags, seja o primeiro a adicionar uma tag!
|
MARC
| LEADER | 00000nam a2200000 4500 | ||
|---|---|---|---|
| 001 | 0024173 | ||
| 005 | 20260211104844.3 | ||
| 041 | 0 | |a slo | |
| 041 | 0 | |a eng | |
| 044 | |a SK | ||
| 245 | 1 | 0 | |a Vybrané údaje o regiónoch v Slovenskej republike za 1.- 3. štvrťrok 2004 |
| 264 | 1 | |a Bratislava |b Štatistický úrad Slovenskej republiky |c 2005 | |
| 300 | |a 66 s. | ||